O Templo Romano de Évora (Registo nº 3748)
[ vista simples ]
| 000 -Etiqueta do registo | |
|---|---|
| Cabeçalho | 00628nam0a22002411 4500 |
| 005 - Identificador da versão | |
| Campo de controlo | 20240813122042.0 |
| 010 ## - Número internacional normalizado dos livros (ISBN) | |
| Número (ISBN) | 978972893819200020 |
| 021 ## - Número do Depósito Legal | |
| Código do país | PT |
| Número | 257928/07 |
| 100 ## - Dados gerais de processamento | |
| Dados gerais de processamento | 20090212d2007 a e0pory5003 ba |
| 102 ## - Pais de publicação ou produção | |
| País de publicação | Portugal |
| 101 0# - Língua de publicação | |
| Língua do texto, banda sonora, etc. | Português |
| 215 ## - Descrição física | |
| Indicação específica da natureza do documento e extensão da espécie | 30 p. |
| 200 1# - Titulo e menção de responsabilidade | |
| Título próprio | O Templo Romano de Évora |
| Primeira menção de responsabilidade | Cristina Borges |
| Outras menções de responsabilidade | il. Inês Prata |
| 225 1# - Colecção | |
| Título próprio da colecção | Era uma vez uma maravilha |
| Indicação de volume | 20 |
| 205 ## - Menção da edição | |
| Menção da edição | 1ª ed |
| 210 ## - Publicação, Distribuição, etc. | |
| Lugar da edição, distribuição, etc. | Lisboa |
| Nome do editor, distribuidor, etc. | Tugaland Ed. |
| Data da publicação, distribuição, etc. | D. L. 2007 |
| 702 #1 - Nome de autor-pessoa física (responsabilidade secundária) | |
| Número de registo de entrada de autoridade | 0000141 |
| Palavra de ordem | Prata |
| Outra parte do nome não tomada para palavra de ordem | Inês |
| Código de função | Ilustrador / Técnico de desenho computorizado |
| 700 #1 - Nome de autor-pessoa física (responsabilidade principal) | |
| Número de registo de entrada de autoridade | 0000140 |
| Palavra de ordem | Borges |
| Outra parte do nome não tomada para palavra de ordem | Cristina |
| 942 ## - Elementos de entrada adicionados (Koha) | |
| Tipo de item no Koha | Livro |
| Situação do levantamento | Origin of item (home branch) (coded) | Biblioteca de empréstimo | Código de barras | Cota | Circulation type (not for loan) | Tipo de documento | Nota do exemplar | Damaged status |
|---|---|---|---|---|---|---|---|---|
| Biblioteca Escolar das Vendas | Biblioteca Escolar das Vendas | BEV1962 | 8POR BOR | Livro | Sem mensagem |
